Most Influential People in History - Statistics

General Stats
  • This quiz has been taken 315 times
    298 since last reset
  • The average score is 45 of 101
Answer Stats
Rank Hint Answer % Correct
1 Religious Figure Jesus
100%
2 Religious Figure Muhammad
95%
13 World Leader Adolf Hitler
94%
27 World Leader George Washington
87%
40 World Leader Joseph Stalin
86%
12 Scientist Albert Einstein
85%
4 Scientist Isaac Newton
82%
5 Religious Figure Gautama Buddha
79%
34 Artist / Inventor Leonardo Da Vinci
78%
7 Philosopher Aristotle
77%
45 Explorer Christopher Columbus
77%
10 Philosopher Socrates
77%
11 Philosopher Plato
76%
18 World Leader Julius Caesar
75%
29 World Leader Abraham Lincoln
74%
41 World Leader Winston Churchill
74%
72 Monarch Elizabeth I
72%
16 Scientist / Astronomer Galileo Galilei
71%
49 World Leader Mahatma Gandhi
70%
22 World Leader Vladimir Lenin
70%
15 World Leader Napoleon Bonaparte
68%
8 World Leader Alexander the Great
66%
43 World Leader Franklin D. Roosevelt
64%
39 Scientist Thomas Edison
64%
3 World Leader Genghis Khan
63%
66 Activist Martin Luther King Jr.
63%
21 World Leader Chairman Mao
62%
62 Musicians Wolfgang Amadeus Mozart
60%
53 World Leader Thomas Jefferson
59%
19 World Leader Augustus Caesar
58%
44 Musicians Ludwig Van Beethoven
58%
23 Theologian Martin Luther
58%
84 Astronaut Neil Armstrong
58%
32 Scientist / Inventor Nikola Tesla
58%
26 Writer William Shakespeare
57%
64 Artist Michelangelo
55%
25 Economist Karl Marx
54%
55 Artist Pablo Picasso
53%
63 Founding Father Benjamin Franklin
52%
35 Scientist Marie Curie
52%
54 Monarch Queen Victoria
51%
56 Astronomer Nicolaus Copernicus
49%
14 Philosopher Confucius
48%
99 World Leader Henry VIII
47%
73 Artist Vincent van Gogh
47%
48 Religious Figure Moses
46%
69 Pope John Paul II
45%
42 Religious Figure The Apostle Peter
45%
92 World Leader Ho Chi Minh
43%
50 Musicians Johannes Sebastian Bach
43%
74 Psychologist Sigmund Freud
43%
68 World Leader Charlemagne
42%
30 World Leader Louis XIV
42%
6 Religious Figure The Apostle Paul
42%
94 Entrepreneur Bill Gates
41%
75 Economist Adam Smith
40%
20 Explorer Marco Polo
40%
58 World Leader Cleopatra
38%
71 Religious Figure Abraham
37%
17 Scientist / Philosopher Charles Darwin
35%
46 Nursing Florence Nightingale
35%
91 Inventor J. Robert Oppenheimer
35%
83 Entrepreneur Henry Ford
34%
86 World Leader Nelson Mandela
34%
52 Writer Charles Dickens
33%
36 Inventor Johannes Gutenberg
33%
89 World Leader Ronald Reagan
33%
60 Inventor Alexander Graham Bell
32%
76 World Leader Dwight Eisenhower
31%
82 Scientist Pythagoras
31%
33 Writer Homer
28%
81 World Leader Harry Truman
27%
90 World Leader Mikhail Gorbachev
27%
31 World Leader William the Conqueror
27%
38 World Leader Constantine the Great
26%
61 Inventor Orville and Wilbur Wright
26%
37 Military / Writer Sun Tzu
26%
87 Artist Claude Monet
22%
51 Pope Urban II
22%
97 Religious Figure David
21%
93 World Leader Joan of Arc
21%
47 Inventor Alexander Fleming
19%
28 World Leader Simon Bolivar
18%
95 Mathematician Euclid
17%
85 Inventor James Watt
17%
(HM) World Leader Lyndon B. Johnson
17%
77 Theologian John Calvin
15%
70 Writer Leo Tolstoy
15%
57 Artist Rembrandt van Rijn
14%
79 Chemist / Engineer Alfred Nobel
13%
9 World Leader Cyrus The Great
13%
96 Mathematician Alan Turing
12%
100 Entrepreneur Walt Disney
12%
78 Writer Fyodor Dostoevsky
11%
65 Pope Gregory VII
10%
67 Philosopher / Physicist Hippocrates
9%
88 Surgeon Joseph Lister
5%
24 Inventor Cai Lun
4%
98 Artist Henri Matisse
4%
80 Theologian Saint Augustine
3%
59 Artist / Inventor Louis Daguerre
0%
No matching quizzes found
Score Distribution
Percent of People with Each Score
Percentile by Number Answered
Your Score History
You have not taken this quiz since the last reset